00781nam a22002057a 450000500170000001000150001702000260003203500140005803700090007208200140008110000350009524500680013025000060019826000630020427000800026730000290034794200250037699900190040195201550042020241202121612.0 aENG-142745 a9789387162785c450.00 aEN-126277 bDBAD a519.7223 aMUKHOPADHYAY, SAUMITRA 974463 aLinear Programmingbwith Game Theory/cby SAUMITRA MUKHOPADHYAY a3 aNew DelhibGlobal Academic Publishers & Distributorsc2021 aF-8, 1st Floor, 'Hari Sadan' 20, Ansari Road, Daryaganj,bNew Delhie110002 a450p. bIndexc24cm(pb)  2ddccENmMUKh519.72 c207280d207280 001040708NFICaAVbAVd2024-12-02eDelivery of Books Act Divisiong450.00l0oMUK 519.72pEN-126277r2024-12-02 00:00:00t1v450.00w2024-12-02yEN